08340 2204117 4500001002100000005001500021035002000036008004100056245003100097100002100128250000600149260003400155300003800189020002200227084001400249082000800263650001500271990001200286990001200298990001200310990001200322990001200334990001200346990001200358990001200370990001200382990001200394990001200406990001200418990001200430990001200442990001200454990001200466990001200478990001200490990001200502990001200514990001200526990001200538990001200550990001200562990001200574990001200586990001200598990001200610990001200622990001200634990001200646990001200658990001200670990001200682990001200694990001200706990001200718990001200730990001200742990001200754990001200766990001200778990001200790990001200802990001200814990001200826990001200838990001200850990001200862990001200874990001200886990001200898990001200910990001200922990001200934990001200946990001200958990001200970990001200982990001200994990001201006990001201018990001201030990001201042990001201054990001201066990001201078990001201090990001201102990001201114990001201126990001201138990001201150990001201162990001201174990001201186990001201198990001201210990001201222990001201234990001201246990001201258990001201270990001201282990001201294990001201306990001201318990001201330990001201342990001201354990001201366990001201378990001201390990001201402990001201414990001201426990001201438990001201450990001201462990001201474990001201486990001201498990001201510990001201522990001201534990001201546990001201558990001201570990001201582990001201594990001201606990001201618990001201630990001201642990001201654990001201666990001201678990001201690990001201702990001201714990001201726990001201738990001201750990001201762990001201774990001201786990001201798990001201810990001201822990001201834990001201846990001201858990001201870990001201882990001201894990001201906990001201918990001201930990001201942990001201954990001201966990001201978990001201990990001202002990001202014990001202026990001202038990001202050990001202062990001202074990001202086990001202098990001202110990001202122990001202134990001202146990001202158990001202170990001202182990001202194990001202206990001202218990001202230990001202242990001202254990001202266990001202278990001202290990001202302990001202314990001202326990001202338990001202350990001202362990001202374990001202386990001202398990001202410990001202422990001202434990001202446990001202458990001202470990001202482990001202494990001202506990001202518990001202530990001202542990001202554990001202566990001202578990001202590990001202602990001202614990001202626990001202638990001202650990001202662990001202674990001202686990001202698990001202710990001202722990001202734990001202746990001202758990001202770990001202782990001202794990001202806990001202818990001202830990001202842990001202854990001202866990001202878990001202890990001202902990001202914990001202926990001202938990001202950990001202962990001202974990001202986990001202998990001203010990001203022990001203034990001203046990001203058990001203070990001203082990001203094990001203106990001203118990001203130990001203142990001203154990001203166990001203178990001203190990001203202990001203214990001203226990001203238990001203250990001203262990001203274990001203286990001203298990001203310990001203322990001203334990001203346990001203358990001203370990001203382990001203394990001203406990001203418990001203430990001203442990001203454990001203466990001203478990001203490990001203502990001203514990001203526990001203538990001203550990001203562990001203574990001203586990001203598990001203610990001203622990001203634990001203646990001203658990001203670990001203682990001203694990001203706990001203718990001203730990001203742990001203754990001203766990001203778990001203790990001203802990001203814990001203826990001203838990001203850990001203862990001203874990001203886990001203898990001203910990001203922990001203934990001203946990001203958990001203970990001203982990001203994990001204006990001204018990001204030990001204042990001204054990001204066990001204078990001204090990001204102990001204114990001204126990001204138990001204150990001204162990001204174990001204186990001204198990001204210INLIS00000000000139220240722121113 a0010-0724000012240722 | ind 1 aSEJARAH /cMartina Safitry aSafitry, Martina a1 aJakarta :bKemendikbud,c2022 a228 hlm. :bilus. ;c17.5 x 21 cm a978-602-427-964-8 a900 MAR s a900 4aBuku Paket a0751571 a0751572 a0751573 a0751574 a0751575 a0751576 a0751577 a0751578 a0751579 a0751580 a0751581 a0751582 a0751583 a0751584 a0751585 a0751586 a0751587 a0751588 a0751589 a0751590 a0751591 a0751592 a0751593 a0751594 a0751595 a0751596 a0751597 a0751598 a0751599 a0751600 a0751601 a0751602 a0751603 a0751604 a0751605 a0751606 a0751607 a0751608 a0751609 a0751610 a0751611 a0751612 a0751613 a0751614 a0751615 a0751616 a0751617 a0751618 a0751619 a0751620 a0751621 a0751622 a0751623 a0751624 a0751625 a0751626 a0751627 a0751628 a0751629 a0751630 a0751631 a0751632 a0751633 a0751634 a0751635 a0751636 a0751637 a0751638 a0751639 a0751640 a0751641 a0751642 a0751643 a0751644 a0751645 a0751646 a0751647 a0751648 a0751649 a0751650 a0751651 a0751652 a0751653 a0751654 a0751655 a0751656 a0751657 a0751658 a0751659 a0751660 a0751661 a0751662 a0751663 a0751664 a0751665 a0751666 a0751667 a0751668 a0751669 a0751670 a0751671 a0751672 a0751673 a0751674 a0751675 a0751676 a0751677 a0751678 a0751679 a0751680 a0751681 a0751682 a0751683 a0751684 a0751685 a0751686 a0751687 a0751688 a0751689 a0751690 a0751691 a0751692 a0751693 a0751694 a0751695 a0751696 a0751697 a0751698 a0751699 a0751700 a0751701 a0751702 a0751703 a0751704 a0751705 a0751706 a0751707 a0751708 a0751709 a0751710 a0751711 a0751712 a0751713 a0751714 a0751715 a0751716 a0751717 a0751718 a0751719 a0751720 a0751721 a0751722 a0751723 a0751724 a0751725 a0751726 a0751727 a0751728 a0751729 a0751730 a0751731 a0751732 a0751733 a0751734 a0751735 a0751736 a0751737 a0751738 a0751739 a0751740 a0751741 a0751742 a0751743 a0751744 a0751745 a0751746 a0751747 a0751748 a0751749 a0751750 a0751751 a0751752 a0751753 a0751754 a0751755 a0751756 a0751757 a0751758 a0751759 a0751760 a0751761 a0751762 a0751763 a0751764 a0751765 a0751766 a0751767 a0751768 a0751769 a0751770 a0751771 a0751772 a0751773 a0751774 a0751775 a0751776 a0751777 a0751778 a0751779 a0751780 a0751781 a0751782 a0751783 a0751784 a0751785 a0751786 a0751787 a0751788 a0751789 a0751790 a0751791 a0751792 a0751793 a0751794 a0751795 a0751796 a0751797 a0751798 a0751799 a0751800 a0751801 a0751802 a0751803 a0751804 a0751805 a0751806 a0751807 a0751808 a0751809 a0751810 a0751811 a0751812 a0751813 a0751814 a0751815 a0751816 a0751817 a0751818 a0751819 a0751820 a0751821 a0751822 a0751823 a0751824 a0751825 a0751826 a0751827 a0751828 a0751829 a0751830 a0751831 a0751832 a0751833 a0751834 a0751835 a0751836 a0751837 a0751838 a0751839 a0751840 a0751841 a0751842 a0751843 a0751844 a0751845 a0751846 a0751847 a0751848 a0751849 a0751850 a0751851 a0751852 a0751853 a0751854 a0751855 a0751856 a0751857 a0751858 a0751859 a0751860 a0751861 a0751862 a0751863 a0751864 a0751865 a0751866 a0751867 a0751868 a0751869 a0751870 a0751871 a0751872 a0751873 a0751874 a0751875 a0751876 a0751877 a0751878 a0751879 a0751880 a0751881 a0751882 a0751883 a0751884 a0751885 a0751886 a0751887 a0751888 a0751889 a0751890 a0751891 a0751892 a0751893 a0751894 a0751895 a0751896 a0751897 a0751898